Decreta iuris supremi Magdeburgensis castri Cracoviensis. - Frankfurt/Main : Vittorio Klostermann [Rezension]

Titel: Decreta iuris supremi Magdeburgensis castri Cracoviensis. - Frankfurt/Main : Vittorio Klostermann [Rezension]
Verfasser:
In: Inter finitimos. Beiheft = Zeszyt specjalny, Heft 11 (1997), Seite 36-40
alle Artikel anzeigen
Veröffentlicht: 1997
Format: Aufsatz
Sprache: Deutsch
Kein Bild verfügbar
X
alg: 39501848
001A    $01999:12-11-16 
001B    $01999:30-04-21 $t17:15:03.000 
001D    $01999:12-11-16 
001U    $0utf8 
001X    $00 
002@    $0Aox 
003@    $039501848X 
007A    $039501848X $aHEB 
007T    $0Herd06302 
010@    $ager 
011@    $a1997 
021A    $aDecreta iuris supremi Magdeburgensis castri Cracoviensis. - Frankfurt/Main : Vittorio Klostermann [Rezension] 
028A    $aBukowski $dWaldemar 
031A    $e11 $h36-40 $j1997 
039B    $aIn $8--Abvc--. Inter finitimos. Beiheft = Zeszyt specjalny. - Marburg : Herder Inst., 1998-2000. - ISSN 1615-0597 $x199700000000011964 $9072373210 
039T    $8--Acy--Heiliges Römisches Reich$bOberhof$gMagdeburg [Tb1]. Decreta Iuris Supremi Magdeburgensis castri Cracoviensis. - Frankfurt am Main : Klostermann $9055303331 
045F    $a340.09 $eDDC23BSB 
045F/01 $a340.09 
045F/03 $g438 

lok: 39501848 78

exp: 39501848 78 1 #EPN
201B/01 $026-11-17 $t23:25:25.000 
201U/01 $0utf8 
203@/01 $0791317099 
208@/01 $a12-11-16 $be 
209A/01 $a/ $f000 $x00 
220C/01 $aTitelaufnehmer: ej 
244Z/01 $2Trx $#Poola $#Lenkija $#Polija $#Polen Land $#Poland $#Lengyelország $#Poľsko $#Polsko $8--Trx--Polska$gkraj $x01 $9391345966 
244Z/01 $#Krakau $#Kraków $#Cracovie $#Cracovia $#Cracow $#Krakoi $#Krakov $#Cracov $74073760-3 $8--Tg1--Krakau $x02 $9085207705 
244Z/01 $aGeschichte 1481-1511 $x03 
244Z/01 $2Trx $#õigussüsteem $#teisė $#Law, system of $#jogok $#prawo $#právo $#právo $#Justiz $#Rechtspflege $#justícia $#justice $8--Trx--Rechtswesen $x04 $9391354604 
244Z/01 $2Trx $#arvustused $#recenzijos $#Reviews $#recenziók $#recenzje $#recenzie $#recenze $8--Trx--Rezensionen $x05 $9391357441 
245Z/01 $a07.02 $x01 
247C/01 $82080>Marburg/Lahn, Herder-Institut, Forschungsbibliothek, Bibliographieportal $9336309341
LEADER 00000caa a22000002c 4500
001 39501848X
003 DE-603
005 20210430171503.0
007 tu
008 161112s1997 xx |||| | u00||u|ger c
035 |a (DE-599)HEB39501848X 
040 |a DE-603  |b ger  |c DE-603  |d DE-603 
041 |a ger 
082 0 4 |8 1\u  |a 340.09  |q DE-101  |2 23/BSB 
085 |8 1\u  |b 340.09 
085 |8 1\u  |z 2  |s 438 
100 1 |a Bukowski, Waldemar 
245 0 0 |a Decreta iuris supremi Magdeburgensis castri Cracoviensis. - Frankfurt/Main : Vittorio Klostermann [Rezension] 
264 0 |c 1997 
773 0 8 |i In  |t Inter finitimos. Beiheft = Zeszyt specjalny  |d Marburg : Herder Inst., 1998-2000  |x 1615-0597  |g Heft 11 (1997), Seite 36-40  |w (DE-603)072373210  |w (DE-600)1473311-0 
787 0 8 |i Rezension von  |a Heiliges Römisches Reich. Oberhof (Magdeburg)  |t Decreta Iuris Supremi Magdeburgensis castri Cracoviensis  |d Frankfurt am Main : Klostermann  |w (DE-603)055303331 
924 0 |9 2080  |a (DE-603)791317099  |b DE-2080  |c HES  |d d  |g /